000 00535nam a2200205Ia 4500
003 LK-CoDNM
008 010623t1921 xxu||||| |||| 00| 1 sin d
040 _aLK-CoDNM
_dLK-CoDNM
_eLK-CoDNM
041 _asin
080 _a104 E.10
245 _aධර්ම දීප්ති
246 _aDharma Deepti
260 _bSugatha Dharma Deepti Society
_aMoratuva
_c1921
300 _b40p., 21 cm
650 _aBuddhism
650 _aFaith in Religion
650 _aLord Buddha
650 _aSpeech of Ronaldsey Swami
942 _cBK
999 _c90680
_d90680